| 000 | 00953nam a2200301Ia 4500 | ||
|---|---|---|---|
| 003 | OSt | ||
| 005 | 20221006160011.0 | ||
| 006 | a|||||r|||| 00| 0 | ||
| 007 | ta | ||
| 008 | 221006b |||||||| |||| 00| 0 eng d | ||
| 020 |
_a9780791449424 _c _29.95 |
||
| 024 | _a44,032 | ||
| 037 |
_bGift, KCC (Window on Korea) _cTextual |
||
| 040 |
_aEASL _cEASL _beng |
||
| 041 |
_2eng _aeng |
||
| 082 | _aQ6.495v, P1 | ||
| 100 |
_aCHUNG David _9671424 |
||
| 245 | 0 |
_aSyncretism _b Religious context of Christian beginnings in Korea |
|
| 260 |
_aNew York _bSunny Press _c2001 |
||
| 300 |
_a278p. _ccm. |
||
| 490 |
_v KEL _aSUNY series in Korea studies |
||
| 650 | _a KEL | ||
| 650 |
_a Korea - Church History _9671425 |
||
| 650 |
_aChristianity - Korea - History _9671426 |
||
| 700 |
_a OH Kang-nam Ed. _9671427 |
||
| 942 |
_hQ6.495v, P1 _cTEXL _2CC |
||
| 999 |
_c1112124 _d1112124 |
||